000
00343 a2200157 4500
001
75799
020
_a
040
_c
Anchieta - Colégio São Paulo
100
_a
Machado, Ana Maria
240
1
0
_a
Cachinhos de Ouro
_l
por
245
1
0
_a
Cachinhos de Ouro
300
_a
[21]
362
0
_a
1996
650
4
_a
Literatura infantil
942
_c
BK
999
_c
75799
_d
75799